Countries that were in the 2006 FIFA World Cup - Statistics

General Stats
  • This quiz has been taken 32 times
  • The average score is 31 of 32
Answer Stats
Picture Answer % Correct
Costa Rica
100%
England
100%
Germany
100%
Poland
100%
Sweden
100%
Argentina
97%
Australia
97%
Brazil
97%
Croatia
97%
Czech Republic
97%
Ecuador
97%
France
97%
Iran
97%
Italy
97%
Ivory Coast
97%
Japan
97%
Mexico
97%
Netherlands
97%
Paraguay
97%
Portugal
97%
Saudi Arabia
97%
South Korea
97%
Spain
97%
Switzerland
97%
Trinidad & Tobago
97%
Ukraine
97%
USA
97%
Angola
93%
Ghana
93%
Tunisia
93%
Togo
90%
Serbia & Montenegro
77%
No matching quizzes found
Score Distribution
Percent of People with Each Score
Percentile by Number Answered
Your Score History
You have not taken this quiz